000 00277nam a22000977a 4500
008 230620b |||||||| |||| 00| 0 eng d
040 _aNational Science Library
_cNational Science Library
245 _aAnnual research report 1968
260 _bUniversity of roorkee
942 _cREP
999 _c66186
_d66186